Responses for Show #1745 - Friday, March 13, 1992

Phil Yellman game 1.

Contestants

[<< previous game]

Phil Yellman, a word processor from Albuquerque, New Mexico

Nora Josephberg, a payroll analyst from Lakeville, Pennsylvania

Al Levy, an engineer originally from Brooklyn, New York (whose 2-day cash winnings total $24,602)

[next game >>]

Jeopardy! Round responses

WORLD FLAGS
10-LETTER WORDS
OPRAH WINFREY
MAMMALS
GLASS & GLASSWARE
NO. 2 HITS
    $100 1
a crescent

Nora
    $100 14
quarantine

Nora
    $100 24
Chicago

Al
    $100 16
a camel

Nora
    $100 6
a seed

Al
    $100 8
Blueberry Hill

Phil
    $200 2
Vietnam

Phil
    $200 15
abominable

Al
    $200 27
Harpo

Nora
    $200 17
hippopotamus

Al
    $200 7
Art Nouveau

Phil
    $200 9
Crystal Gayle

Al
    $300 3
the Grimaldi family

Al
    $300 21
(Nora: An arsonist--what is an arsonist?)

a pyromaniac

AlNora
    $300 28
Nashville

Al
    $300 18
the antelope

Phil
    $300 10
satin

Phil
    $300 11
Carl Perkins

Phil
    $400 4
(Nora: What is red?)
...
(Alex: It is the color of Islam, [*].)

green

Nora
Triple Stumper
    $400 22
a confession

Nora
    $400 29
The Color Purple

Phil
    $1,200 19
the caribou

Phil
    $400 25
(Alex: We have less than a minute to go.)

a gob

Al
    $400 12
"Bang, Bang"

Phil
    $500 5
Denmark

Triple Stumper
    $500 23
protoplasm

Triple Stumper
    $500 30
Brewster

Nora
    $500 20
a Holstein

Nora
    $500 26
(Al: What is Chemin de Fer?)

Baccarat

AlPhil
    $500 13
"Great Balls Of Fire"

Phil

Scores at the first commercial break (after clue 15):

Al Nora Phil
$800 -$200 $2,000

Scores at the end of the Jeopardy! Round:

Al Nora Phil
$1,600 $1,200 $4,400

Double Jeopardy! Round responses

SCIENCE FICTION LITERATURE
BUSINESS & INDUSTRY
BEFORE HE WAS PRESIDENT
FIRST AID
THE SOVIET UNION
THE BIBLE
    $200 4
Ray Bradbury

Phil
    $200 9
the Celtics

Phil
    $200 14
Jimmy Carter

Phil
    $200 1
sugar

Al
    $200 2
tea

Nora
    $200 23
Noah

Nora
    $400 5
The Voyage to the Center of the Earth

Nora
    $400 10
Delta

Nora
    $400 15
Eisenhower

Phil
    $400 3
choking

Phil
    $400 19
(Al: The Caspian?)

the Black Sea

AlPhil
    $400 24
Judas

Phil
    $600 6
Planet of the Apes

Phil
    $600 11
Gillette

Phil
    $1,100 16
Gerald Ford

Phil
    $600 30
mouth-to-mouth resuscitation

Phil
    $600 20
Byelorussia

Phil
    $600 25
(Phil: Who is David?)

Abraham

NoraPhil
    $800 7
Frank Herbert

Phil
    $800 12
Federal Express

Phil
    $800 17
Woodrow Wilson

Phil
    $800 29
antihistamines

Phil
    $800 21
Stalin

Phil
    $800 26
Elijah

Triple Stumper
    $1000 8
The Island of Dr. Moreau

Triple Stumper
    $1,200 13
(Phil: What is Frederick's of Hollywood?)
(Alex: Sorry, wrong, and I had a feeling you might say that; the correct response, "What is [*]?", perhaps you were influenced by the fact we're taping so close to that store in Hollywood.)

Victoria's Secret

Phil
    $1000 18
Harding

Al
    $1000 28
the femoral artery

Phil
    $1000 22
St. Basil's

Al
    $1000 27
Ruth

Al

Scores at the end of the Double Jeopardy! Round:

Al Nora Phil
$4,400 $3,000 $13,300
(lock game)

[wagering suggestions for these scores]

Final Jeopardy! Round responses

THE OSCARS
NoraWho is EB White
$2,500
AlWho is Jim Henson
$3,000
PhilWho is Dr. Suess?
$1,700
Dr. Seuss

Final scores:

Al Nora Phil
$1,400 $500 $15,000
2nd place: Pacific Kinematics NextStep 500 + Gold's Gym products 3rd place: Dahon Classic bicycle + Nintendo Entertainment System with Super Jeopardy! & Wheel of Fortune + InfoGenius for Game Boy New champion: $15,000

Game dynamics:

Coryat scores:

Al Nora Phil
$4,400 $3,000 $13,200
13 R,
2 W
12 R,
2 W
29 R
(including 2 DDs),
2 W
(including 1 DD)

Combined Coryat: $20,600

[game clues] [game scores] [suggest correction]

Game tape date: 1991-12-03
The J! Archive is created by fans, for fans. Scraping, republication, monetization, and malicious use prohibited; this site may use cookies and collect identifying information. See terms. The Jeopardy! game show and all elements thereof, including but not limited to copyright and trademark thereto, are the property of Jeopardy Productions, Inc. and are protected under law. This website is not affiliated with, sponsored by, or operated by Jeopardy Productions, Inc. Join the discussion at JBoard.tv.